[Event "World Youth & Cadets Blitz Championships"]
[Site "Rhodes, Greece"]
[Date "2022.05.03"]
[Round "5.44"]
[White "Bryant, Amelie"]
[Black "Galmidi, Ester"]
[Result "0-1"]
[TimeControl "5'/game & 2\"/move"]
[WhiteElo "1153"]
[BlackElo "1069"]

1. d4 {[%clk 00:05:02]} {[%emt 00:00:02]} d5 {[%clk 00:05:04]} 2. Nc3 {[%clk
00:05:03]} {[%emt 00:00:01]} Nc6 {[%clk 00:05:02]} {[%emt 00:00:04]} 3. Bf4
{[%clk 00:05:04]} {[%emt 00:00:01]} Nf6 {[%clk 00:04:57]} {[%emt 00:00:07]} 4.
Nb5 {[%clk 00:05:04]} {[%emt 00:00:02]} e5 {[%clk 00:04:55]} {[%emt 00:00:04]}
5. Bxe5 {[%clk 00:05:03]} {[%emt 00:00:02]} Nxe5 {[%clk 00:04:55]} {[%emt
00:00:03]} 6. dxe5 {[%clk 00:05:00]} {[%emt 00:00:04]} Ne4 {[%clk 00:04:44]}
{[%emt 00:00:13]} 7. e3 {[%clk 00:04:47]} {[%emt 00:00:16]} f6 {[%clk
00:04:18]} {[%emt 00:00:28]} 8. Nf3 {[%clk 00:04:19]} {[%emt 00:00:29]} fxe5
{[%clk 00:04:15]} {[%emt 00:00:06]} 9. Nxe5 {[%clk 00:04:15]} {[%emt 00:00:05]}
Qf6 {[%clk 00:04:06]} {[%emt 00:00:11]} 10. f3 {[%clk 00:03:49]} {[%emt
00:00:29]} Qxe5 {[%clk 00:04:05]} {[%emt 00:00:03]} 11. fxe4 {[%clk 00:03:45]}
{[%emt 00:00:05]} Bd7 {[%clk 00:03:56]} {[%emt 00:00:11]} 12. Nc3 {[%clk
00:03:33]} {[%emt 00:00:14]} dxe4 {[%clk 00:03:50]} {[%emt 00:00:08]} 13. Bc4
{[%clk 00:03:17]} {[%emt 00:00:19]} O-O-O {[%clk 00:03:37]} {[%emt 00:00:14]}
14. O-O {[%clk 00:03:12]} {[%emt 00:00:07]} Bc5 {[%clk 00:03:25]} {[%emt
00:00:13]} 15. Qd2 {[%clk 00:03:06]} {[%emt 00:00:07]} Qg5 {[%clk 00:03:18]}
{[%emt 00:00:10]} 16. Nd5 {[%clk 00:02:41]} {[%emt 00:00:29]} c6 {[%clk
00:02:57]} {[%emt 00:00:23]} 17. Nf4 {[%clk 00:02:32]} {[%emt 00:00:08]} Rhf8
{[%clk 00:02:40]} {[%emt 00:00:17]} 18. b4 {[%clk 00:02:24]} {[%emt 00:00:14]}
Bb6 {[%clk 00:02:33]} {[%emt 00:00:08]} 19. Qe2 {[%clk 00:02:02]} {[%emt
00:00:24]} Rxf4 {[%clk 00:02:23]} {[%emt 00:00:12]} 20. Rxf4 {[%clk 00:01:48]}
{[%emt 00:00:17]} Qxf4 {[%clk 00:02:21]} {[%emt 00:00:03]} 21. Kh1 {[%clk
00:01:46]} {[%emt 00:00:04]} Qh6 {[%clk 00:02:14]} {[%emt 00:00:08]} 22. Rd1
{[%clk 00:01:45]} {[%emt 00:00:04]} Bc7 {[%clk 00:02:09]} {[%emt 00:00:07]} 23.
g3 {[%clk 00:01:44]} {[%emt 00:00:03]} Bxg3 {[%clk 00:02:02]} {[%emt 00:00:08]}
24. Qg2 {[%clk 00:01:42]} {[%emt 00:00:03]} Bc7 {[%clk 00:01:47]} {[%emt
00:00:19]} 25. Kg1 {[%clk 00:01:18]} {[%emt 00:00:25]} Rf8 {[%clk 00:01:18]}
{[%emt 00:00:28]} 26. Re1 {[%clk 00:01:17]} {[%emt 00:00:07]} Rf6 {[%clk
00:01:01]} {[%emt 00:00:16]} 27. Be2 {[%clk 00:01:14]} {[%emt 00:00:07]} Rg6
{[%clk 00:00:51]} {[%emt 00:00:12]} 28. Kf1 {[%clk 00:01:06]} {[%emt 00:00:11]}
Rxg2 {[%clk 00:00:50]} {[%emt 00:00:04]} 29. Kxg2 {[%clk 00:01:05]} {[%emt
00:00:02]} Qg6+ {[%clk 00:00:50]} {[%emt 00:00:01]} 30. Kf1 {[%clk 00:01:01]}
{[%emt 00:00:04]} Bh3+ {[%emt 00:00:17]} 31. Kf2 {[%clk 00:00:51]} {[%emt
00:00:02]} Qg2# {[%clk 00:00:45]} {[%emt 00:00:02]} 0-1

[Event "World Youth & Cadets Blitz Championships"]
[Site "Rhodes, Greece"]
[Date "2022.05.03"]
[Round "5.45"]
[White "Bjerregaard Hagen, Frida"]
[Black "Pawlicz, Zuzanna"]
[Result "1-0"]
[TimeControl "5'/game & 2\"/move"]
[WhiteElo "1276"]
[BlackElo "1054"]

1. e4 {[%clk 00:05:02]} {[%emt 00:00:02]} e5 {[%clk 00:05:03]} {[%emt
00:00:01]} 2. Nf3 {[%clk 00:05:03]} {[%emt 00:00:02]} Nc6 {[%clk 00:05:04]}
{[%emt 00:00:01]} 3. d4 {[%clk 00:05:03]} exd4 {[%clk 00:05:03]} {[%emt
00:00:03]} 4. Bc4 {[%clk 00:05:04]} {[%emt 00:00:02]} Nf6 {[%clk 00:04:44]}
{[%emt 00:00:21]} 5. e5 {[%clk 00:05:03]} {[%emt 00:00:03]} Nh5 {[%clk
00:04:26]} {[%emt 00:00:20]} 6. O-O {[%clk 00:04:55]} {[%emt 00:00:11]} d5
{[%clk 00:04:21]} {[%emt 00:00:06]} 7. exd6 {[%clk 00:04:52]} {[%emt 00:00:05]}
Qxd6 {[%clk 00:04:02]} {[%emt 00:00:22]} 8. Re1+ {[%clk 00:04:49]} {[%emt
00:00:05]} Be7 {[%clk 00:03:57]} {[%emt 00:00:07]} 9. c3 {[%clk 00:04:40]}
{[%emt 00:00:11]} dxc3 {[%clk 00:03:49]} {[%emt 00:00:09]} 10. Qxd6 {[%clk
00:04:36]} {[%emt 00:00:06]} cxd6 {[%clk 00:03:45]} {[%emt 00:00:07]} 11. Nxc3
{[%clk 00:04:30]} {[%emt 00:00:08]} O-O {[%clk 00:03:33]} {[%emt 00:00:14]} 12.
Be3 {[%clk 00:04:11]} {[%emt 00:00:20]} Nb4 {[%clk 00:03:26]} {[%emt 00:00:10]}
13. a3 {[%clk 00:04:03]} {[%emt 00:00:10]} Nc2 {[%emt 00:00:03]} 14. Rac1
{[%clk 00:03:55]} {[%emt 00:00:09]} Nxe1 {[%clk 00:03:24]} {[%emt 00:00:03]} 15.
Rxe1 {[%clk 00:03:55]} {[%emt 00:00:03]} Bg4 {[%clk 00:03:16]} {[%emt
00:00:10]} 16. h3 {[%clk 00:03:35]} {[%emt 00:00:22]} Be6 {[%clk 00:03:05]}
{[%emt 00:00:12]} 17. Nd5 {[%clk 00:03:25]} {[%emt 00:00:12]} Bd8 {[%clk
00:02:49]} {[%emt 00:00:16]} 18. Ng5 {[%clk 00:03:10]} {[%emt 00:00:20]} Bxd5
{[%clk 00:02:38]} {[%emt 00:00:13]} 19. Bxd5 {[%clk 00:03:09]} {[%emt
00:00:02]} Nf6 {[%clk 00:02:36]} {[%emt 00:00:05]} 20. Bxb7 {[%clk 00:02:53]}
{[%emt 00:00:18]} Rb8 {[%clk 00:02:29]} {[%emt 00:00:09]} 21. Bf3 {[%clk
00:02:51]} {[%emt 00:00:04]} h6 {[%clk 00:02:20]} {[%emt 00:00:11]} 22. Bxa7
{[%clk 00:02:45]} {[%emt 00:00:08]} Rxb2 {[%clk 00:02:15]} {[%emt 00:00:07]} 23.
Ne4 {[%clk 00:02:38]} {[%emt 00:00:09]} Nxe4 {[%clk 00:02:14]} {[%emt
00:00:03]} 24. Bxe4 {[%clk 00:02:36]} {[%emt 00:00:02]} Re8 {[%clk 00:02:14]}
{[%emt 00:00:03]} 25. Bh7+ {[%clk 00:02:34]} {[%emt 00:00:05]} Kf8 {[%clk
00:02:05]} {[%emt 00:00:11]} 26. Rxe8+ {[%clk 00:02:15]} {[%emt 00:00:21]} Kxe8
{[%clk 00:02:05]} {[%emt 00:00:03]} 27. Be4 {[%clk 00:02:07]} {[%emt 00:00:09]}
Ra2 {[%clk 00:01:47]} {[%emt 00:00:19]} 28. Bc6+ {[%clk 00:01:58]} {[%emt
00:00:12]} Ke7 {[%clk 00:01:43]} {[%emt 00:00:06]} 29. Bd4 {[%clk 00:01:54]}
{[%emt 00:00:05]} g6 {[%clk 00:01:31]} {[%emt 00:00:15]} 30. a4 {[%clk
00:01:53]} {[%emt 00:00:03]} Rd2 {[%clk 00:01:25]} {[%emt 00:00:07]} 31. Be3
{[%clk 00:01:51]} {[%emt 00:00:05]} Rc2 {[%clk 00:01:24]} {[%emt 00:00:03]} 32.
Be4 {[%clk 00:01:48]} {[%emt 00:00:05]} Rc4 {[%clk 00:01:21]} {[%emt 00:00:04]}
33. Bd3 {[%clk 00:01:41]} {[%emt 00:00:10]} Rxa4 {[%clk 00:01:18]} {[%emt
00:00:05]} 34. Bxh6 {[%clk 00:01:40]} {[%emt 00:00:03]} d5 {[%clk 00:01:13]}
{[%emt 00:00:07]} 35. f3 {[%clk 00:01:35]} {[%emt 00:00:06]} Bb6+ {[%clk
00:01:12]} {[%emt 00:00:04]} 36. Kf1 {[%clk 00:01:33]} {[%emt 00:00:04]} Ra1+
{[%clk 00:01:09]} {[%emt 00:00:05]} 37. Ke2 {[%clk 00:01:24]} {[%emt 00:00:09]}
f5 {[%clk 00:00:43]} {[%emt 00:00:29]} 38. g4 {[%clk 00:01:11]} {[%emt
00:00:15]} fxg4 {[%clk 00:00:42]} {[%emt 00:00:03]} 39. hxg4 {[%clk 00:01:11]}
{[%emt 00:00:03]} Ra2+ {[%clk 00:00:42]} {[%emt 00:00:02]} 40. Kd1 {[%clk
00:01:08]} {[%emt 00:00:04]} d4 {[%clk 00:00:43]} {[%emt 00:00:02]} 41. Bxg6
{[%clk 00:01:05]} {[%emt 00:00:05]} Bc5 {[%clk 00:00:38]} {[%emt 00:00:05]} 42.
Bg5+ {[%clk 00:01:01]} {[%emt 00:00:07]} Ke6 {[%clk 00:00:37]} {[%emt
00:00:04]} 43. Bf5+ {[%clk 00:01:01]} {[%emt 00:00:02]} Kd5 {[%clk 00:00:37]}
{[%emt 00:00:02]} 44. Be4+ {[%clk 00:00:59]} {[%emt 00:00:05]} Ke6 {[%clk
00:00:38]} 45. Bh7 {[%clk 00:00:57]} {[%emt 00:00:03]} Ra7 {[%clk 00:00:34]}
{[%emt 00:00:07]} 46. Bg8+ {[%emt 00:00:05]} Kd6 {[%clk 00:00:32]} {[%emt
00:00:02]} 47. Bf4+ {[%clk 00:00:54]} {[%emt 00:00:03]} Kc6 {[%clk 00:00:32]}
{[%emt 00:00:02]} 48. g5 {[%clk 00:00:51]} {[%emt 00:00:05]} Rg7 {[%clk
00:00:33]} 49. Be6 {[%clk 00:00:50]} {[%emt 00:00:03]} Bd6 {[%clk 00:00:31]}
{[%emt 00:00:03]} 50. Bd2 {[%clk 00:00:50]} {[%emt 00:00:03]} Rxg5 {[%clk
00:00:30]} {[%emt 00:00:03]} 51. Bxg5 {[%clk 00:00:49]} {[%emt 00:00:02]} Kc5
{[%clk 00:00:26]} {[%emt 00:00:06]} 52. Kd2 {[%clk 00:00:46]} {[%emt 00:00:06]}
Be5 {[%clk 00:00:24]} {[%emt 00:00:04]} 53. Kd3 {[%clk 00:00:43]} {[%emt
00:00:05]} Bg7 {[%clk 00:00:24]} {[%emt 00:00:03]} 54. f4 {[%clk 00:00:43]}
{[%emt 00:00:01]} Kd6 {[%emt 00:00:07]} 55. Bb3 {[%clk 00:00:41]} {[%emt
00:00:02]} Kc5 {[%clk 00:00:22]} {[%emt 00:00:01]} 56. f5 {[%clk 00:00:41]}
{[%emt 00:00:02]} Kd6 {[%clk 00:00:21]} {[%emt 00:00:02]} 57. f6 {[%clk
00:00:41]} {[%emt 00:00:02]} Bxf6 {[%clk 00:00:22]} {[%emt 00:00:01]} 58. Bxf6
{[%clk 00:00:42]} {[%emt 00:00:02]} Kc5 {[%clk 00:00:23]} {[%emt 00:00:01]} 59.
Bxd4+ {[%clk 00:00:41]} {[%emt 00:00:02]} Kd6 {[%clk 00:00:25]} 60. Ke4 {[%clk
00:00:41]} {[%emt 00:00:02]} Kc6 {[%clk 00:00:20]} {[%emt 00:00:07]} 61. Ke5
{[%clk 00:00:39]} {[%emt 00:00:04]} Kb5 {[%clk 00:00:21]} 62. Kd6 {[%clk
00:00:38]} {[%emt 00:00:03]} Kb4 {[%clk 00:00:22]} {[%emt 00:00:01]} 63. Ba2
{[%clk 00:00:38]} {[%emt 00:00:02]} Ka3 {[%clk 00:00:23]} 64. Bf7 {[%clk
00:00:38]} {[%emt 00:00:02]} Kb4 {[%clk 00:00:23]} {[%emt 00:00:02]} 65. Ke5
{[%clk 00:00:37]} {[%emt 00:00:02]} Kb5 {[%clk 00:00:24]} {[%emt 00:00:01]} 66.
Ke4 {[%clk 00:00:36]} {[%emt 00:00:04]} Kc6 {[%clk 00:00:25]} 67. Kd3 {[%clk
00:00:34]} {[%emt 00:00:04]} Kd6 {[%clk 00:00:25]} {[%emt 00:00:02]} 68. Kc4
{[%clk 00:00:33]} {[%emt 00:00:03]} Ke7 {[%clk 00:00:22]} {[%emt 00:00:05]} 69.
Bd5 {[%clk 00:00:32]} {[%emt 00:00:03]} Kd6 {[%clk 00:00:22]} {[%emt 00:00:02]}
70. Bc5+ {[%clk 00:00:31]} {[%emt 00:00:03]} Ke5 {[%clk 00:00:22]} {[%emt
00:00:01]} 71. Bc6 {[%clk 00:00:31]} {[%emt 00:00:02]} Kf4 {[%clk 00:00:23]} 72.
Bd6 {[%clk 00:00:30]} {[%emt 00:00:04]} Kf5 {[%emt 00:00:05]} 73. Kd4 {[%clk
00:00:27]} Kf6 {[%clk 00:00:25]} 74. Bd7 {[%clk 00:00:28]} Kf7 {[%clk
00:00:26]} {[%emt 00:00:01]} 75. Ke5 {[%clk 00:00:27]} {[%emt 00:00:03]} Kg7
{[%clk 00:00:27]} 76. Be7 {[%clk 00:00:24]} {[%emt 00:00:05]} Kf7 {[%clk
00:00:28]} 77. Bd8 {[%clk 00:00:25]} {[%emt 00:00:01]} Kg6 {[%emt 00:00:03]} 78.
Kf4 {[%clk 00:00:24]} {[%emt 00:00:02]} Kf7 {[%clk 00:00:28]} {[%emt 00:00:01]}
79. Kf5 {[%clk 00:00:24]} {[%emt 00:00:02]} Kf8 {[%clk 00:00:29]} {[%emt
00:00:02]} 80. Kf6 {[%clk 00:00:24]} {[%emt 00:00:02]} Kg8 {[%clk 00:00:30]}
{[%emt 00:00:01]} 81. Be8 {[%clk 00:00:23]} {[%emt 00:00:02]} Kh7 {[%clk
00:00:31]} 82. Kg5 {[%clk 00:00:22]} {[%emt 00:00:03]} Kg7 {[%emt 00:00:03]} 83.
Be7 {[%clk 00:00:21]} {[%emt 00:00:01]} Kg8 {[%clk 00:00:32]} {[%emt 00:00:02]}
84. Bf6 {[%clk 00:00:16]} {[%emt 00:00:07]} Kf8 {[%clk 00:00:33]} {[%emt
00:00:01]} 85. Bh5 {[%clk 00:00:14]} {[%emt 00:00:03]} Kg8 {[%clk 00:00:33]}
{[%emt 00:00:03]} 86. Kh6 {[%clk 00:00:08]} {[%emt 00:00:07]} Kf8 {[%clk
00:00:34]} {[%emt 00:00:02]} 87. Be5 {[%clk 00:00:08]} {[%emt 00:00:01]} Ke7
{[%clk 00:00:35]} {[%emt 00:00:01]} 88. Bd4 {[%clk 00:00:09]} {[%emt 00:00:01]}
Kd6 {[%clk 00:00:36]} 89. Bf3 {[%clk 00:00:10]} {[%emt 00:00:02]} Kd7 {[%clk
00:00:31]} {[%emt 00:00:19]} 90. Kg6 {[%clk 00:00:11]} {[%emt 00:00:02]} Ke6
{[%clk 00:00:32]} {[%emt 00:00:01]} 91. Kg5 {[%clk 00:00:12]} Kf7 {[%clk
00:00:32]} {[%emt 00:00:01]} 92. Be5 {[%clk 00:00:12]} {[%emt 00:00:02]} Ke6
{[%emt 00:00:03]} 93. Bg3 {[%clk 00:00:12]} Ke7 {[%clk 00:00:34]} 94. Bg4
{[%clk 00:00:13]} {[%emt 00:00:02]} Kd8 {[%clk 00:00:35]} 95. Kh4 {[%clk
00:00:11]} {[%emt 00:00:03]} Ke7 {[%clk 00:00:37]} 96. Bf4 {[%clk 00:00:11]}
{[%emt 00:00:01]} Kf6 {[%clk 00:00:38]} 97. Kg3 {[%clk 00:00:12]} Kf7 {[%clk
00:00:40]} {[%emt 00:00:04]} 98. Bg5 {[%clk 00:00:13]} Kg8 {[%clk 00:00:41]}
{[%emt 00:00:02]} 99. Bf5 {[%clk 00:00:13]} Kg7 {[%clk 00:00:42]} {[%emt
00:00:04]} 1-0

[Event "World Youth & Cadets Blitz Championships"]
[Site "Rhodes, Greece"]
[Date "2022.05.03"]
[Round "6.1"]
[White "Gomez Barrera, Gonzalo Andres"]
[Black "Morgunov, Marc"]
[Result "1-0"]
[TimeControl "5'/game & 2\"/move"]
[WhiteElo "1792"]
[BlackElo "2240"]

1. e4 {[%clk 00:04:47]} {[%emt 00:00:17]} c5 {[%clk 00:05:03]} {[%emt
00:00:01]} 2. d3 {[%clk 00:04:48]} {[%emt 00:00:01]} Nc6 {[%clk 00:05:04]}
{[%emt 00:00:02]} 3. g3 {[%clk 00:04:48]} g6 {[%clk 00:05:05]} {[%emt
00:00:01]} 4. Bg2 {[%clk 00:04:49]} {[%emt 00:00:01]} Bg7 {[%clk 00:05:06]}
{[%emt 00:00:01]} 5. Nd2 {[%clk 00:04:50]} {[%emt 00:00:02]} e6 {[%clk
00:05:02]} {[%emt 00:00:05]} 6. Ngf3 {[%clk 00:04:51]} {[%emt 00:00:01]} Nge7
{[%clk 00:05:03]} {[%emt 00:00:02]} 7. O-O {[%clk 00:04:51]} {[%emt 00:00:02]}
O-O {[%clk 00:05:03]} {[%emt 00:00:01]} 8. Re1 {[%clk 00:04:51]} {[%emt
00:00:02]} d5 {[%clk 00:05:03]} {[%emt 00:00:02]} 9. a4 {[%clk 00:04:47]}
{[%emt 00:00:06]} a6 {[%clk 00:04:56]} {[%emt 00:00:10]} 10. Nf1 {[%clk
00:04:35]} {[%emt 00:00:13]} Bd7 {[%clk 00:04:45]} {[%emt 00:00:13]} 11. h4
{[%clk 00:04:26]} {[%emt 00:00:11]} b5 {[%clk 00:04:45]} {[%emt 00:00:02]} 12.
h5 {[%clk 00:04:09]} {[%emt 00:00:19]} bxa4 {[%clk 00:04:25]} {[%emt 00:00:23]}
13. h6 {[%clk 00:04:08]} {[%emt 00:00:02]} Bh8 {[%clk 00:04:24]} {[%emt
00:00:03]} 14. Rxa4 {[%clk 00:04:08]} {[%emt 00:00:02]} a5 {[%clk 00:04:12]}
{[%emt 00:00:14]} 15. Ra1 {[%clk 00:03:23]} {[%emt 00:00:47]} a4 {[%clk
00:04:06]} {[%emt 00:00:09]} 16. e5 {[%clk 00:03:24]} Qc7 {[%clk 00:03:28]}
{[%emt 00:00:40]} 17. Bf4 {[%clk 00:02:22]} {[%emt 00:01:04]} Rfb8 {[%clk
00:03:24]} {[%emt 00:00:06]} 18. Rb1 {[%clk 00:02:23]} d4 {[%clk 00:03:17]}
{[%emt 00:00:09]} 19. N1d2 {[%clk 00:01:58]} {[%emt 00:00:27]} Nd5 {[%clk
00:03:11]} {[%emt 00:00:07]} 20. Ne4 {[%clk 00:01:35]} {[%emt 00:00:25]} Nxf4
{[%clk 00:02:50]} {[%emt 00:00:23]} 21. gxf4 {[%clk 00:01:36]} {[%emt
00:00:01]} Nb4 {[%clk 00:02:50]} {[%emt 00:00:02]} 22. Nd6 {[%clk 00:01:31]}
{[%emt 00:00:07]} Nd5 {[%clk 00:02:39]} {[%emt 00:00:13]} 23. Ng5 {[%clk
00:01:27]} {[%emt 00:00:06]} f6 {[%clk 00:02:12]} {[%emt 00:00:29]} 24. Bxd5
{[%clk 00:00:59]} {[%emt 00:00:30]} fxg5 {[%clk 00:01:37]} {[%emt 00:00:37]} 25.
Bxa8 {[%clk 00:00:58]} {[%emt 00:00:03]} Rxa8 {[%clk 00:01:36]} {[%emt
00:00:03]} 26. fxg5 {[%clk 00:00:58]} {[%emt 00:00:03]} Rf8 {[%clk 00:01:22]}
{[%emt 00:00:16]} 27. Qg4 {[%clk 00:00:32]} {[%emt 00:00:27]} Qc6 {[%clk
00:01:00]} {[%emt 00:00:24]} 28. f4 {[%clk 00:00:23]} {[%emt 00:00:11]} Qd5
{[%clk 00:00:36]} {[%emt 00:00:26]} 29. Qg2 {[%clk 00:00:07]} {[%emt 00:00:19]}
Qxg2+ {[%clk 00:00:29]} {[%emt 00:00:08]} 30. Kxg2 {[%clk 00:00:08]} Rxf4
{[%clk 00:00:30]} {[%emt 00:00:01]} 31. Kg3 {[%clk 00:00:10]} {[%emt 00:00:01]}
Rf8 {[%clk 00:00:25]} {[%emt 00:00:07]} 32. Nc4 {[%clk 00:00:08]} {[%emt
00:00:04]} Rf5 {[%clk 00:00:18]} {[%emt 00:00:08]} 33. Kg4 {[%clk 00:00:08]}
{[%emt 00:00:03]} Rf2 {[%clk 00:00:10]} {[%emt 00:00:09]} 34. Rf1 {[%clk
00:00:05]} {[%emt 00:00:05]} Rg2+ {[%clk 00:00:09]} {[%emt 00:00:04]} 35. Kh4
{[%clk 00:00:05]} {[%emt 00:00:01]} Rh2+ {[%clk 00:00:09]} {[%emt 00:00:02]} 36.
Kg3 {[%clk 00:00:07]} {[%emt 00:00:01]} Rxc2 {[%clk 00:00:06]} {[%emt
00:00:05]} 37. Rf2 {[%clk 00:00:08]} {[%emt 00:00:01]} Rxf2 {[%clk 00:00:05]}
{[%emt 00:00:03]} 38. Kxf2 {[%clk 00:00:09]} {[%emt 00:00:01]} Bb5 {[%clk
00:00:06]} {[%emt 00:00:01]} 39. Re1 {[%clk 00:00:10]} {[%emt 00:00:01]} Kf8
{[%clk 00:00:06]} {[%emt 00:00:02]} 40. Kg3 {[%clk 00:00:07]} {[%emt 00:00:04]}
Ke7 {[%clk 00:00:06]} {[%emt 00:00:02]} 41. Kf4 {[%clk 00:00:09]} {[%emt
00:00:01]} Kd7 {[%clk 00:00:04]} {[%emt 00:00:03]} 42. Rc1 {[%clk 00:00:06]}
{[%emt 00:00:05]} Kc6 {[%clk 00:00:05]} {[%emt 00:00:01]} 43. Ra1 {[%clk
00:00:08]} {[%emt 00:00:08]} Kd5 {[%clk 00:00:03]} {[%emt 00:00:05]} 44. Rc1
{[%clk 00:00:05]} {[%emt 00:00:04]} Kc6 {[%clk 00:00:03]} {[%emt 00:00:02]} 45.
Ke4 {[%clk 00:00:05]} {[%emt 00:00:02]} Ba6 {[%clk 00:00:03]} {[%emt 00:00:02]}
46. Rf1 {[%clk 00:00:06]} {[%emt 00:00:01]} Bxc4 47. dxc4 {[%clk 00:00:07]} d3
{[%clk 00:00:04]} 48. Rd1 {[%clk 00:00:09]} {[%emt 00:00:01]} Kb6 {[%clk
00:00:04]} {[%emt 00:00:02]} 49. Rxd3 {[%clk 00:00:10]} Ka5 {[%clk 00:00:06]}
50. Rd8 {[%clk 00:00:11]} {[%emt 00:00:02]} Kb4 {[%clk 00:00:07]} 51. Rxh8
{[%clk 00:00:11]} {[%emt 00:00:01]} 1-0

[Event "World Youth & Cadets Blitz Championships"]
[Site "Rhodes, Greece"]
[Date "2022.05.03"]
[Round "6.2"]
[White "Nogerbek, Kazybek"]
[Black "Subelj, Jan"]
[Result "1-0"]
[TimeControl "5'/game & 2\"/move"]
[WhiteElo "2441"]
[BlackElo "2328"]

1. Nf3 {[%clk 00:05:02]} {[%emt 00:00:02]} Nf6 {[%clk 00:05:03]} {[%emt
00:00:02]} 2. c4 {[%clk 00:05:02]} c5 {[%clk 00:05:04]} {[%emt 00:00:01]} 3.
Nc3 {[%clk 00:05:01]} {[%emt 00:00:03]} Nc6 {[%clk 00:05:05]} {[%emt 00:00:02]}
4. g3 {[%clk 00:04:59]} {[%emt 00:00:03]} d5 {[%clk 00:05:04]} {[%emt
00:00:03]} 5. cxd5 {[%clk 00:05:00]} {[%emt 00:00:01]} Nxd5 {[%clk 00:05:04]}
{[%emt 00:00:02]} 6. Bg2 {[%clk 00:05:00]} {[%emt 00:00:01]} Nxc3 {[%clk
00:05:05]} {[%emt 00:00:02]} 7. bxc3 {[%clk 00:05:00]} {[%emt 00:00:02]} e5
{[%clk 00:05:05]} {[%emt 00:00:02]} 8. O-O {[%clk 00:04:59]} {[%emt 00:00:02]}
Be7 {[%clk 00:05:06]} {[%emt 00:00:02]} 9. d3 {[%clk 00:04:59]} {[%emt
00:00:02]} O-O {[%clk 00:05:06]} {[%emt 00:00:03]} 10. Rb1 {[%clk 00:05:00]}
Qc7 {[%clk 00:05:01]} {[%emt 00:00:07]} 11. Nd2 {[%clk 00:04:58]} {[%emt
00:00:03]} Be6 {[%clk 00:05:01]} {[%emt 00:00:02]} 12. Nc4 {[%clk 00:04:52]}
{[%emt 00:00:08]} Rad8 {[%clk 00:04:12]} {[%emt 00:00:51]} 13. Qc2 {[%clk
00:04:37]} {[%emt 00:00:16]} b6 {[%clk 00:03:50]} {[%emt 00:00:25]} 14. Ne3
{[%clk 00:03:54]} {[%emt 00:00:44]} Qd7 {[%clk 00:03:40]} {[%emt 00:00:13]} 15.
c4 {[%clk 00:03:48]} {[%emt 00:00:08]} f5 {[%clk 00:03:21]} {[%emt 00:00:21]}
16. Nd5 {[%clk 00:03:37]} {[%emt 00:00:13]} Bd6 {[%clk 00:03:22]} {[%emt
00:00:01]} 17. e3 {[%clk 00:02:59]} {[%emt 00:00:41]} f4 {[%clk 00:03:06]}
{[%emt 00:00:18]} 18. exf4 {[%clk 00:02:53]} {[%emt 00:00:08]} exf4 {[%clk
00:03:06]} {[%emt 00:00:01]} 19. Bxf4 {[%clk 00:02:44]} {[%emt 00:00:11]} Bxf4
{[%clk 00:03:04]} {[%emt 00:00:04]} 20. Nxf4 {[%clk 00:02:43]} {[%emt
00:00:04]} Nd4 {[%clk 00:03:00]} {[%emt 00:00:06]} 21. Qd2 {[%clk 00:02:29]}
{[%emt 00:00:13]} Rxf4 {[%clk 00:02:59]} {[%emt 00:00:05]} 22. gxf4 {[%clk
00:02:26]} {[%emt 00:00:05]} Bh3 {[%clk 00:02:57]} {[%emt 00:00:04]} 23. f3
{[%clk 00:02:17]} {[%emt 00:00:10]} Qf5 {[%clk 00:02:44]} {[%emt 00:00:16]} 24.
Rbe1 {[%clk 00:02:11]} {[%emt 00:00:07]} Bxg2 {[%clk 00:02:43]} {[%emt
00:00:04]} 25. Kxg2 {[%clk 00:02:01]} {[%emt 00:00:12]} Rd6 {[%clk 00:02:42]}
{[%emt 00:00:02]} 26. Kh1 {[%clk 00:01:49]} {[%emt 00:00:15]} h6 {[%clk
00:02:30]} {[%emt 00:00:15]} 27. Re8+ {[%clk 00:01:45]} {[%emt 00:00:05]} Kh7
{[%clk 00:02:27]} {[%emt 00:00:05]} 28. Qe3 {[%clk 00:01:41]} {[%emt 00:00:06]}
Qh3 {[%clk 00:02:19]} {[%emt 00:00:10]} 29. Rg1 {[%clk 00:01:31]} {[%emt
00:00:12]} Nf5 {[%clk 00:02:18]} {[%emt 00:00:03]} 30. Qe4 {[%clk 00:00:42]}
{[%emt 00:00:51]} Rd4 {[%clk 00:00:50]} {[%emt 00:01:31]} 31. Qa8 {[%clk
00:00:40]} {[%emt 00:00:03]} g5 {[%clk 00:00:15]} {[%emt 00:00:36]} 32. Rh8+
{[%clk 00:00:41]} {[%emt 00:00:01]} Kg6 {[%clk 00:00:16]} {[%emt 00:00:02]} 33.
Qe8+ {[%clk 00:00:41]} {[%emt 00:00:01]} Kg7 {[%clk 00:00:12]} {[%emt
00:00:07]} 34. Rg8+ {[%clk 00:00:36]} {[%emt 00:00:08]} Kf6 {[%clk 00:00:12]}
35. Rg6# {[%clk 00:00:36]} {[%emt 00:00:02]} 1-0